[Event "Belgrade op"]
[Site "Belgrade"]
[Date "1989.??.??"]
[Round "9"]
[White "Kurcubic, Aleksandar"]
[Black "Stavrov, Miograg"]
[Result "1/2-1/2"]
[WhiteElo "2320"]
[BlackElo "2230"]
[PlyCount "54"]
[EventDate "1989.11.??"]
[EventType "swiss"]
[EventRounds "9"]
[EventCountry "YUG"]
[SourceTitle "EXT 1997"]
[Source "ChessBase"]
[SourceDate "1996.11.15"]
[SourceVersion "1"]
[SourceVersionDate "1996.11.15"]
[SourceQuality "1"]

1. d4 Nf6 2. c4 e6 3. Nf3 b6 4. g3 Bb7 5. Bg2 c5 6. d5 exd5 7. Nh4 g6 8. Nc3 Bg7 9. Bf4 0-0 10. Bd6 Re8 11. cxd5 Na6 12. 0-0 Nc7 13. e4 h5 14. h3 Nh7 15. f4 Ba6 16. e5 Bxf1 17. Qxf1 Rc8 18. Qd3 Bf8 19. Nxg6 c4 20. Qf5 fxg6 21. Qxg6+ Bg7 22. Be4 Nf8 23. Qxh5 Re7 24. Bxe7 Qxe7 25. d6 Qe8 26. Qg4 Nce6 27. f5 Ng6 1/2-1/2

[Event "Belgrade op"]
[Site "Belgrade"]
[Date "1989.??.??"]
[Round "5"]
[White "Stavrov, Miograg"]
[Black "Petronijevic, Zoran"]
[Result "0-1"]
[WhiteElo "2230"]
[BlackElo "2310"]
[PlyCount "108"]
[EventDate "1989.11.??"]
[EventType "swiss"]
[EventRounds "9"]
[EventCountry "YUG"]
[SourceTitle "EXT 1997"]
[Source "ChessBase"]
[SourceDate "1996.11.15"]
[SourceVersion "1"]
[SourceVersionDate "1996.11.15"]
[SourceQuality "1"]

1. d4 Nf6 2. c4 e6 3. Nf3 d5 4. Nc3 Be7 5. Bg5 h6 6. Bxf6 Bxf6 7. e3 c6 8. Qc2 Nd7 9. 0-0-0 0-0 10. Kb1 b5 11. cxb5 cxb5 12. Bxb5 Rb8 13. h4 g6 14. g4 Bg7 15. Ba4 Nb6 16. Bb3 Bd7 17. Ne5 a5 18. Nd3 Qe7 19. Nc5 Rfc8 20. Qd3 Be8 21. h5 Nd7 22. Nxd7 Qxd7 23. hxg6 fxg6 24. Rd2 Rb4 25. Qa6 Bf8 26. Ba4 Qd8 27. Bxe8 Qxe8 28. Rc1 Rbc4 29. Rdc2 g5 30. b3 R4c6 31. Qxa5 Qg6 32. e4 dxe4 33. d5 Rc5 34. Qa6 e3 35. Qxe6+ Qxe6 36. dxe6 exf2 37. Rxf2 Rxc3 38. Rxc3 Rxc3 39. Re2 Ba3 40. Re1 Kf8 41. b4 Ke7 42. b5 Rc8 43. Rh1 Kxe6 44. Rxh6+ Ke5 45. Rh1 Rc4 46. Rg1 Rb4+ 47. Kc2 Rxb5 48. Rf1 Kd4 49. Rf7 Rb2+ 50. Kd1 Rg2 51. Ra7 Bd6 52. Rd7 Kc5 53. a4 Rxg4 54. a5 Ra4 0-1

[Event "Belgrade op"]
[Site "Belgrade"]
[Date "1989.??.??"]
[Round "2"]
[White "Stavrov, Miograg"]
[Black "Sale, Srdjan"]
[Result "1-0"]
[WhiteElo "2230"]
[BlackElo "2335"]
[PlyCount "73"]
[EventDate "1989.11.??"]
[EventType "swiss"]
[EventRounds "9"]
[EventCountry "YUG"]
[SourceTitle "EXT 1997"]
[Source "ChessBase"]
[SourceDate "1996.11.15"]
[SourceVersion "1"]
[SourceVersionDate "1996.11.15"]
[SourceQuality "1"]

1. d4 Nf6 2. c4 g6 3. Nc3 Bg7 4. e4 d6 5. f3 a6 6. Be3 Nc6 7. Nge2 Rb8 8. Qd2 0-0 9. Bh6 Bxh6 10. Qxh6 e5 11. 0-0-0 Nxd4 12. Nxd4 exd4 13. Rxd4 Qe7 14. g4 Be6 15. h4 b5 16. Nd5 Bxd5 17. cxd5 c6 18. Qd2 cxd5 19. g5 Rbc8+ 20. Kb1 Nh5 21. Rxd5 Rc6 22. Bh3 f6 23. Bg4 Ng7 24. h5 f5 25. exf5 gxf5 26. Bh3 Rc5 27. Rxd6 Nxh5 28. g6 Ng3 29. gxh7+ Kh8 30. Re1 Qh4 31. Rg6 Kxh7 32. Ree6 Rd8 33. Rh6+ Kg7 34. Reg6+ Kf7 35. Rf6+ Qxf6 36. Rxf6+ Ke7 37. Re6+ 1-0